[Event "Bayern-chTT (LL Nord)"]
[Site "Bayern 2008/09"]
[Date "2008.10.05"]
[Round "1.1"]
[White "Giessmann, Stephan(73)"]
[Black "Priborsky, Jan"]
[Result "1-0"]
[WhiteElo "2150"]
[BlackElo "2357"]
[PlyCount "125"]
[EventDate "2009.03.??"]
[EventType "team-tourn"]
[EventRounds "9"]
[WhiteTeam "Kelheim 1"]
[BlackTeam "Kötzting 1"]

1. d4 g6 2. Nf3 Nf6 3. Bg5 Bg7 4. e3 O-O 5. Nbd2 d5 6. Bd3 b6 7. O-O Nbd7 8. e4
dxe4 9. Nxe4 Bb7 10. Qe2 Re8 11. Rfe1 h6 12. Bh4 Nd5 13. Qd2 Qc8 14. c4 N5f6
15. Nxf6+ Nxf6 16. Bxf6 Bxf6 17. Ne5 Kg7 18. Qf4 c5 19. d5 Qb8 20. Qg3 e6 21.
f4 Bxe5 22. Rxe5 exd5 23. Rae1 Rxe5 24. Rxe5 Qd6 25. cxd5 Bxd5 26. h4 Rd8 27.
Bb1 Bc4 28. Kh2 Qf6 29. h5 Rd4 30. Rf5 Qd6 31. Re5 Qf6 32. Rf5 Qd6 33. Re5 Rd5
34. hxg6 fxg6 35. Bxg6 Rxe5 36. Bf5+ Kf6 37. Qg6+ Ke7 38. Qg7+ Bf7 39. fxe5 Qd4
40. Qf6+ Kf8 41. Qxh6+ Ke8 42. Qh8+ Ke7 43. Qf6+ Ke8 44. Be6 Bh5 45. Bc8 Bf7
46. Bb7 a5 47. a3 Qg4 48. Bc6+ Kf8 49. Bd5 Qh5+ 50. Kg3 Qg6+ 51. Qxg6 Bxg6 52.
Kg4 b5 53. Kg5 Kg7 54. e6 Be8 55. Kf5 b4 56. Bc4 Bc6 57. g3 a4 58. Ke5 bxa3 59.
bxa3 Be8 60. Kd6 Kf6 61. Kxc5 Ke5 62. e7 Kf5 63. Bb5 1-0

[Event "Bayern-chTT (LL Nord)"]
[Site "Bayern 2008/09"]
[Date "2008.10.05"]
[Round "1.2"]
[White "Priborsky, Ivo"]
[Black "Kreuzer, Helmut"]
[Result "1-0"]
[WhiteElo "2263"]
[BlackElo "2194"]
[PlyCount "51"]
[EventDate "2009.03.??"]
[EventType "team-tourn"]
[EventRounds "9"]
[WhiteTeam "Kötzting 1"]
[BlackTeam "Kelheim 1"]

1. e4 c5 2. Nf3 d6 3. d4 cxd4 4. Nxd4 Nf6 5. Nc3 g6 6. Bc4 Nc6 7. Nxc6 bxc6 8.
e5 Ng4 9. exd6 Qxd6 10. Qe2 Bg7 11. Ne4 Qc7 12. c3 a5 13. Ng5 Ne5 14. Bf4 O-O
15. O-O h6 16. Nxf7 Rxf7 17. Bxf7+ Kxf7 18. Rfe1 Ba6 19. Bxe5 Bxe2 20. Bxc7 Bc4
21. Be5 Bf6 22. b3 Be6 23. Bxf6 exf6 24. Rad1 a4 25. c4 axb3 26. axb3 1-0

[Event "Bayern-chTT (LL Nord)"]
[Site "Bayern 2008/09"]
[Date "2008.10.05"]
[Round "1.3"]
[White "Fuhrmann, Max(90)"]
[Black "Muehlbauer, Andreas(80)"]
[Result "1/2-1/2"]
[WhiteElo "2122"]
[BlackElo "2110"]
[PlyCount "68"]
[EventDate "2009.03.??"]
[EventType "team-tourn"]
[EventRounds "9"]
[WhiteTeam "Kelheim 1"]
[BlackTeam "Kötzting 1"]

1. e4 c5 2. Nf3 Nc6 3. d4 cxd4 4. Nxd4 Qb6 5. Nb3 Nf6 6. Nc3 e6 7. Be3 Qc7 8.
Qd2 Bb4 9. f3 d5 10. a3 Bxc3 11. Qxc3 dxe4 12. fxe4 O-O 13. Bd3 Ng4 14. Bc5 Rd8
15. Be2 e5 16. O-O b6 17. Bc4 bxc5 18. Rxf7 Qxf7 19. Bxf7+ Kxf7 20. Qxc5 Ne7
21. Rf1+ Nf6 22. Qa5 Be6 23. Qxe5 Bxb3 24. cxb3 Ng6 25. Qa5 Kg8 26. e5 Rd5 27.
Qc7 Rxe5 28. Qb7 Ree8 29. b4 Rad8 30. Qxa7 Rd2 31. Rf2 Rd1+ 32. Rf1 Rd2 33. Rf2
Rd1+ 34. Rf1 Rd2 1/2-1/2

[Event "Bayern-chTT (LL Nord)"]
[Site "Bayern 2008/09"]
[Date "2008.10.05"]
[Round "1.4"]
[White "Cedikova, Katerina"]
[Black "Eibl, Maximilian"]
[Result "1/2-1/2"]
[WhiteElo "2126"]
[BlackElo "2013"]
[PlyCount "91"]
[EventDate "2009.03.??"]
[EventType "team-tourn"]
[EventRounds "9"]
[WhiteTeam "Kötzting 1"]
[BlackTeam "Kelheim 1"]

1. d4 Nf6 2. c4 e6 3. Nf3 Bb4+ 4. Bd2 a5 5. Qc2 O-O 6. e4 d6 7. Bd3 h6 8. O-O
c5 9. d5 Bxd2 10. Nbxd2 e5 11. Ne1 Nh5 12. f3 Qg5 13. Rf2 g6 14. g3 Nf4 15. Kh1
Nh3 16. Re2 f5 17. exf5 gxf5 18. Ng2 Qh5 19. Rf1 Kh8 20. Qc3 Kg8 21. Qc2 Nd7
22. g4 fxg4 23. fxg4 Qxg4 24. Rxf8+ Nxf8 25. Ne4 Qg6 26. Re3 Kh8 27. Rg3 Qf7
28. Nxd6 Qf2 29. Qxf2 Nxf2+ 30. Kg1 Nxd3 31. Rxd3 Nd7 32. Nh4 b6 33. Ng6+ Kg7
34. Rg3 Kf6 35. Ne4+ Kf5 36. Nd6+ Kf6 37. Nh4 Nf8 38. Ne4+ Kf7 39. Nd6+ Ke7 40.
Ndf5+ Bxf5 41. Nxf5+ Kf6 42. Nxh6 Ng6 43. Ng4+ Kf5 44. Nh6+ Kf6 45. Ng4+ Kf5
46. Nh6+ 1/2-1/2

[Event "Bayern-chTT (LL Nord)"]
[Site "Bayern 2008/09"]
[Date "2008.10.05"]
[Round "1.5"]
[White "Kreuzer, Gerhard"]
[Black "Sott, Pavel"]
[Result "0-1"]
[WhiteElo "2189"]
[BlackElo "2116"]
[PlyCount "56"]
[EventDate "2009.03.??"]
[EventType "team-tourn"]
[EventRounds "9"]
[WhiteTeam "Kelheim 1"]
[BlackTeam "Kötzting 1"]

1. c4 Nf6 2. Nc3 g6 3. g3 Bg7 4. Bg2 O-O 5. e3 d6 6. Nge2 c6 7. O-O e5 8. d3
Bg4 9. h3 Bxe2 10. Nxe2 Nbd7 11. e4 Qc7 12. Be3 Rfe8 13. Qd2 Rad8 14. Rac1 a5
15. a3 Nc5 16. Qc2 Nfd7 17. b4 axb4 18. axb4 Ne6 19. f4 c5 20. f5 Nd4 21. Nxd4
exd4 22. Bd2 Ra8 23. bxc5 dxc5 24. g4 Ra3 25. e5 Nxe5 26. Be4 Nxd3 27. Rf3 Rxe4
28. Rxd3 Re2 0-1

[Event "Bayern-chTT (LL Nord)"]
[Site "Bayern 2008/09"]
[Date "2008.10.05"]
[Round "1.6"]
[White "Muehlbauer, Gerhard"]
[Black "Frieser, Klaus"]
[Result "1-0"]
[WhiteElo "1973"]
[BlackElo "2107"]
[PlyCount "71"]
[EventDate "2009.03.??"]
[EventType "team-tourn"]
[EventRounds "9"]
[WhiteTeam "Kötzting 1"]
[BlackTeam "Kelheim 1"]

1. e4 e5 2. Nf3 Nf6 3. Nc3 Bb4 4. Bc4 O-O 5. d3 d5 6. exd5 Nxd5 7. Bd2 Bxc3 8.
bxc3 Nc6 9. Rb1 a6 10. O-O b5 11. Bb3 Bg4 12. h3 Bh5 13. g4 Bg6 14. c4 Nf4 15.
Bxf4 exf4 16. Re1 h5 17. cxb5 axb5 18. Ne5 Qd6 19. Nxc6 Qxc6 20. Re5 Qf6 21.
Qe2 hxg4 22. hxg4 f3 23. Qe3 Ra6 24. Rxb5 Re6 25. Bxe6 fxe6 26. Qg5 Be8 27.
Qxf6 Rxf6 28. Rc5 Bf7 29. Kh2 e5 30. a3 c6 31. Rxe5 Bd5 32. c4 Rh6+ 33. Kg3 Be6
34. a4 Bd7 35. a5 c5 36. Rxc5 1-0

[Event "Bayern-chTT (LL Nord)"]
[Site "Bayern 2008/09"]
[Date "2008.10.05"]
[Round "1.7"]
[White "Maurer, Heinrich(46)"]
[Black "Novacek, Karel"]
[Result "1-0"]
[WhiteElo "2063"]
[BlackElo "1938"]
[PlyCount "45"]
[EventDate "2009.03.??"]
[EventType "team-tourn"]
[EventRounds "9"]
[WhiteTeam "Kelheim 1"]
[BlackTeam "Kötzting 1"]

1. e4 c5 2. Nf3 Nc6 3. d4 cxd4 4. Nxd4 Nf6 5. Nc3 e5 6. Ndb5 d6 7. Bg5 a6 8.
Bxf6 gxf6 9. Na3 b5 10. Nd5 f5 11. Bd3 Be6 12. Qh5 Bxd5 13. exd5 Ne7 14. Bxf5
Qa5+ 15. c3 b4 16. Nc4 Qxd5 17. Ne3 Qb7 18. Be6 Nc6 19. Nd5 Ra7 20. Nf6+ Kd8
21. Bd5 Qe7 22. Qf5 Bg7 23. Nh5 1-0

[Event "Bayern-chTT (LL Nord)"]
[Site "Bayern 2008/09"]
[Date "2008.10.05"]
[Round "1.8"]
[White "Graf, Eduard"]
[Black "Grafl, Pascal"]
[Result "0-1"]
[WhiteElo "1863"]
[BlackElo "1915"]
[PlyCount "128"]
[EventDate "2009.03.??"]
[EventType "team-tourn"]
[EventRounds "9"]
[WhiteTeam "Kötzting 1"]
[BlackTeam "Kelheim 1"]

1. c4 c5 2. Nc3 Nc6 3. Nf3 Nf6 4. g3 g6 5. Bg2 Bg7 6. O-O O-O 7. d3 d6 8. Bg5
h6 9. Bd2 Rb8 10. Qc1 Kh7 11. Nh4 Nh5 12. f4 f5 13. e4 Nd4 14. Qd1 Nf6 15. Ne2
e5 16. exf5 Nxf5 17. Nxf5 Bxf5 18. Bc3 Re8 19. h3 h5 20. Kh2 Qd7 21. a4 Rbd8
22. a5 e4 23. d4 d5 24. Qa4 dxc4 25. Qxc4 cxd4 26. Nxd4 Nd5 27. Nxf5 Qxf5 28.
Rae1 Nxc3 29. bxc3 Rd2 30. Qb4 e3 31. Qxb7 Qc2 32. Rc1 Qd3 33. Rf3 Rxg2+ 34.
Kxg2 Qe2+ 35. Kg1 Rd8 36. Rcf1 Rd2 37. R3f2 exf2+ 38. Kg2 Rb2 39. Qxa7 Qe4+ 40.
Kh2 Qf3 41. a6 Re2 42. Qb7 Re4 43. h4 Qe2 44. Kg2 Ra4 45. a7 Qa2 46. Rxf2 Rxa7
47. Qf3 Qb1 48. f5 Qxf5 49. Qxf5 gxf5 50. Rxf5 Kh6 51. c4 Rc7 52. Rf4 Be5 53.
Re4 Bf6 54. Kh3 Rc5 55. g4 Kg6 56. Rf4 Be7 57. Rd4 Re5 58. Kg3 Re1 59. gxh5+
Kxh5 60. Rd5+ Kh6 61. h5 Rc1 62. Rd4 Kxh5 63. Kf4 Kg6 64. Ke5 Bf6+ 0-1

[Event "Bayern-chTT (LL Nord)"]
[Site "Bayern 2008/09"]
[Date "2008.10.05"]
[Round "1.1"]
[White "Kraft, Volker(62)"]
[Black "Koch, Moritz"]
[Result "1/2-1/2"]
[WhiteElo "2395"]
[BlackElo "2248"]
[PlyCount "80"]
[EventDate "2009.03.??"]
[EventType "team-tourn"]
[EventRounds "9"]
[WhiteTeam "Zirndorf 1"]
[BlackTeam "Puschendorf 1"]

1. e4 c5 2. Nc3 Nc6 3. Bb5 Nd4 4. Bc4 g6 5. Nf3 Bg7 6. Nxd4 cxd4 7. Qf3 e6 8.
Nb5 Be5 9. c3 dxc3 10. Nxc3 Ne7 11. d3 Nc6 12. O-O O-O 13. h3 Nd4 14. Qd1 Bg7
15. Be3 b6 16. f4 d6 17. Qd2 Bd7 18. Qf2 Nc6 19. a3 Kh8 20. Ba2 Rb8 21. d4 Na5
22. Rac1 b5 23. d5 b4 24. axb4 Rxb4 25. Bxa7 Nc4 26. Bxc4 Rxc4 27. Rfd1 exd5
28. Nxd5 Rxe4 29. Nc3 Rb4 30. Rxd6 Qc7 31. Rcd1 Be6 32. Qc5 Rc4 33. Qxc7 Rxc7
34. Bd4 Bxd4+ 35. R1xd4 Rb7 36. b4 Kg7 37. b5 Rc8 38. Rc6 Rxc6 39. bxc6 Rb3 40.
Na4 Rb1+ 1/2-1/2

[Event "Bayern-chTT (LL Nord)"]
[Site "Bayern 2008/09"]
[Date "2008.10.05"]
[Round "1.2"]
[White "Lauer, Moritz"]
[Black "Reis, Gerhard"]
[Result "1-0"]
[WhiteElo "2242"]
[BlackElo "2149"]
[PlyCount "83"]
[EventDate "2009.03.??"]
[EventType "team-tourn"]
[EventRounds "9"]
[WhiteTeam "Puschendorf 1"]
[BlackTeam "Zirndorf 1"]

1. e4 c5 2. Nf3 e6 3. Nc3 Nc6 4. d4 cxd4 5. Nxd4 Nf6 6. Ndb5 d6 7. Bf4 e5 8.
Bg5 a6 9. Na3 b5 10. Nd5 Be7 11. Bxf6 Bxf6 12. c4 b4 13. Nc2 Rb8 14. b3 Bg5 15.
g3 Be6 16. Bg2 a5 17. O-O Ne7 18. f4 Bxd5 19. fxg5 Be6 20. Kh1 h6 21. Qd2 hxg5
22. Qxg5 Ng6 23. Qd2 Qd7 24. Ne3 Ne7 25. Rad1 Rd8 26. Qf2 Qa7 27. Rd2 Qc5 28.
Rfd1 g6 29. Qf6 Rh7 30. Rd3 Qc7 31. Bf3 Nc6 32. Bg4 Qe7 33. Qf2 Nd4 34. Rf1 Kd7
35. Nd5 Bxg4 36. Nxe7 Kxe7 37. Qf6+ Ke8 38. Rf2 Bc8 39. c5 Bb7 40. cxd6 Bxe4+
41. Kg1 Rd7 42. Qxe5+ 1-0

[Event "Bayern-chTT (LL Nord)"]
[Site "Bayern 2008/09"]
[Date "2008.10.05"]
[Round "1.4"]
[White "Diekers, Michael"]
[Black "Zuehlke, Burkhard Dr"]
[Result "1/2-1/2"]
[WhiteElo "2105"]
[BlackElo "2002"]
[PlyCount "60"]
[EventDate "2009.03.??"]
[EventType "team-tourn"]
[EventRounds "9"]
[WhiteTeam "Puschendorf 1"]
[BlackTeam "Zirndorf 1"]

1. Nf3 d6 2. d4 g6 3. c4 Bg7 4. Nc3 Nf6 5. e4 O-O 6. Be2 c6 7. O-O a6 8. h3 b5
9. a3 Bb7 10. Bg5 h6 11. Be3 Nfd7 12. Qd2 Kh7 13. Rad1 bxc4 14. Bxc4 Nb6 15.
Ba2 a5 16. Qc2 Qc8 17. Nh4 Qe8 18. f4 Ba6 19. Rf2 N8d7 20. f5 Nc4 21. Bc1 e5
22. Ne2 d5 23. exd5 cxd5 24. dxe5 Ncxe5 25. Bxd5 Rc8 26. Nc3 Nf6 27. fxg6+ fxg6
28. Ba2 Bc4 29. Bxc4 Rxc4 30. Nf3 Ne4 1/2-1/2

[Event "Bayern-chTT (LL Nord)"]
[Site "Bayern 2008/09"]
[Date "2008.10.05"]
[Round "1.5"]
[White "Wiemer, Peter"]
[Black "Seregelyes, Csaba"]
[Result "1-0"]
[WhiteElo "2089"]
[BlackElo "2056"]
[PlyCount "91"]
[EventDate "2009.03.??"]
[EventType "team-tourn"]
[EventRounds "9"]
[WhiteTeam "Zirndorf 1"]
[BlackTeam "Puschendorf 1"]

1. e4 c5 2. Nf3 Nc6 3. c3 Nf6 4. e5 Nd5 5. d4 cxd4 6. Bc4 Nb6 7. Bb3 d5 8. exd6
Qxd6 9. O-O e6 10. Qe2 Be7 11. Rd1 O-O 12. Nxd4 Nxd4 13. Rxd4 Qc6 14. Nd2 e5
15. Re4 Bf6 16. Qf3 Bd7 17. Nf1 Qc7 18. Qg3 Bf5 19. Re1 Qe7 20. Ne3 Be6 21. Ng4
Bxb3 22. axb3 Nd7 23. Be3 Bh4 24. Nh6+ Kh8 25. Nf5 Bxg3 26. Nxe7 Bh4 27. Nf5
Bd8 28. Rad1 Nf6 29. Bc5 Re8 30. Nd6 Re7 31. Nc4 Re6 32. Rxe5 Bc7 33. Rxe6 fxe6
34. f3 Kg8 35. g3 b6 36. Bd6 Rd8 37. Rd2 Ne8 38. Bxc7 Rxd2 39. Nxd2 Nxc7 40.
Ne4 Kf8 41. Kf2 e5 42. Nd6 b5 43. Ke3 Ke7 44. Nc8+ Ke6 45. Nxa7 Kd5 46. Nxb5
1-0

[Event "Bayern-chTT (LL Nord)"]
[Site "Bayern 2008/09"]
[Date "2008.10.05"]
[Round "1.6"]
[White "Sarec, Ivica"]
[Black "Bildt, Thomas"]
[Result "1-0"]
[WhiteElo "2016"]
[BlackElo "1980"]
[PlyCount "73"]
[EventDate "2009.03.??"]
[EventType "team-tourn"]
[EventRounds "9"]
[WhiteTeam "Puschendorf 1"]
[BlackTeam "Zirndorf 1"]

1. c4 e6 2. Nf3 d5 3. e3 c5 4. d4 Nf6 5. dxc5 Bxc5 6. a3 a5 7. Qc2 b6 8. cxd5
Nxd5 9. Be2 O-O 10. O-O Bb7 11. e4 Nf6 12. Nc3 Nbd7 13. Bg5 Qc7 14. Rac1 Rac8
15. Qb1 Qb8 16. h3 Nh5 17. Rfd1 Ndf6 18. b4 Bxf2+ 19. Kxf2 Rxc3 20. Bxf6 Qg3+
21. Kf1 Nf4 22. Ne1 Nxe2 23. Bxc3 Nxc3 24. Rxc3 Qxc3 25. bxa5 Qxa5 26. Rd4 Ba6+
27. Kf2 Qxa3 28. Qxb6 Qa2+ 29. Kg3 Qe2 30. Nf3 Bd3 31. Rd8 Bb5 32. Qd6 Re8 33.
Qe7 g6 34. Rxe8+ Bxe8 35. Qxe8+ Kg7 36. e5 h5 37. Qe7 1-0

[Event "Bayern-chTT (LL Nord)"]
[Site "Bayern 2008/09"]
[Date "2008.10.05"]
[Round "1.7"]
[White "Strobel, Norbert"]
[Black "Steinmueller, Alexander"]
[Result "0-1"]
[WhiteElo "2044"]
[BlackElo "2002"]
[PlyCount "81"]
[EventDate "2009.03.??"]
[EventType "team-tourn"]
[EventRounds "9"]
[WhiteTeam "Zirndorf 1"]
[BlackTeam "Puschendorf 1"]

1. d4 Nf6 2. Nf3 g6 3. g3 Bg7 4. Bg2 O-O 5. O-O d6 6. b3 c6 7. Bb2 Qa5 8. Nbd2
Qh5 9. Re1 Na6 10. c4 Bf5 11. Nh4 Bg4 12. f3 Bd7 13. f4 e5 14. e3 Nb4 15. Ne4
Qxd1 16. Raxd1 Nxe4 17. Bxe4 Bg4 18. Rd2 exf4 19. gxf4 Rfe8 20. Bb1 f5 21. Kg2
Re7 22. a3 Na6 23. Kg3 Rae8 24. e4 Bh5 25. e5 c5 26. Nf3 Bxf3 27. Kxf3 cxd4 28.
Bxd4 dxe5 29. Bxa7 e4+ 30. Ke3 Bc3 31. Red1 Bxd2+ 32. Rxd2 b5 33. Bd4 bxc4 34.
bxc4 Rc7 35. Ba2 Nc5 36. Be5 Ra7 37. Bd6 Rxa3+ 38. Kd4 e3 39. Re2 Ne6+ 40. Kd5
Rd3+ 41. Kc6 0-1

[Event "Bayern-chTT (LL Nord)"]
[Site "Bayern 2008/09"]
[Date "2008.10.05"]
[Round "1.8"]
[White "Kittler, Alexander"]
[Black "Gerl, Hans Dr"]
[Result "0-1"]
[WhiteElo "1805"]
[BlackElo "1915"]
[PlyCount "86"]
[EventDate "2009.03.??"]
[EventType "team-tourn"]
[EventRounds "9"]
[WhiteTeam "Puschendorf 1"]
[BlackTeam "Zirndorf 1"]

1. e4 c5 2. Nc3 e6 3. g3 d6 4. Bg2 Nf6 5. d3 Be7 6. f4 Nc6 7. Nh3 Qc7 8. O-O
O-O 9. g4 h6 10. g5 hxg5 11. Nxg5 a6 12. Rf3 g6 13. Rh3 Kg7 14. f5 Bd7 15.
Nxe6+ fxe6 16. Bh6+ Kf7 17. fxg6+ Ke8 18. Bxf8 Bxf8 19. Rh8 Bc8 20. Rh3 Ne5 21.
Rg3 Bg7 22. h4 b5 23. h5 Bb7 24. Bf3 Ke7 25. Ne2 Rf8 26. Nf4 Bh6 27. Nh3 d5 28.
g7 Rg8 29. exd5 Nxf3+ 30. Qxf3 Bxd5 31. Qf2 Nxh5 32. Rg6 Bxg7 33. Qh4+ Bf6 34.
Qxh5 Bd4+ 35. Kf1 Rf8+ 36. Ke1 Qh2 37. Qh4+ Kd7 38. Qh7+ Kd6 39. Qa7 Qh1+ 40.
Ng1 Qh4+ 41. Kd1 Rf1+ 42. Kd2 Qf2+ 43. Ne2 Be3+ 0-1

[Event "Bayern-chTT (LL Nord)"]
[Site "Bayern 2008/09"]
[Date "2008.10.05"]
[Round "1.1"]
[White "Mathe, Gaspar"]
[Black "Haba, Zdenek"]
[Result "1/2-1/2"]
[WhiteElo "2361"]
[BlackElo "2205"]
[PlyCount "76"]
[EventDate "2009.03.??"]
[EventType "team-tourn"]
[EventRounds "9"]
[WhiteTeam "Schwandorf 1"]
[BlackTeam "Kulmbach 1"]

1. e4 g6 2. d4 Bg7 3. Nc3 c5 4. dxc5 Qa5 5. Bd3 Bxc3+ 6. bxc3 Qxc3+ 7. Bd2 Qxc5
8. Nf3 d6 9. Rb1 Nf6 10. O-O O-O 11. Re1 Qc7 12. e5 dxe5 13. Nxe5 Be6 14. Bf4
Qc8 15. Bh6 Rd8 16. Qf3 Nc6 17. Nxc6 Qxc6 18. Qxc6 bxc6 19. a3 Rd7 20. f3 Nd5
21. Rb2 Nb6 22. Kf2 Nc4 23. Rb4 Nxa3 24. Ra1 Nb5 25. Ra6 Rc8 26. Be4 Nd4 27. c3
Nf5 28. Rxc6 Rdc7 29. Rxc7 Rxc7 30. Bd2 f6 31. f4 Kf7 32. Rb8 Nd6 33. Bf3 Rc8
34. Rb4 Nc4 35. Bc1 Nb6 36. Bd2 Nc4 37. Bc1 Nb6 38. Bd2 Nc4 1/2-1/2

[Event "Bayern-chTT (LL Nord)"]
[Site "Bayern 2008/09"]
[Date "2008.10.05"]
[Round "1.2"]
[White "Londyn, Radek"]
[Black "Barth, Norbert Dr"]
[Result "0-1"]
[WhiteElo "2253"]
[BlackElo "2208"]
[PlyCount "48"]
[EventDate "2009.03.??"]
[EventType "team-tourn"]
[EventRounds "9"]
[WhiteTeam "Kulmbach 1"]
[BlackTeam "Schwandorf 1"]

1. e4 d5 2. exd5 Qxd5 3. Nc3 Qd6 4. g3 Nf6 5. Bg2 g6 6. Nf3 Bg7 7. O-O O-O 8.
Re1 Nc6 9. d3 a6 10. Bf4 Qd8 11. Qd2 Rb8 12. Bh6 b6 13. Bxg7 Kxg7 14. Ne4 Bb7
15. Nxf6 exf6 16. Qc3 Qd7 17. Re2 Rfe8 18. Rae1 Rxe2 19. Rxe2 Re8 20. Rxe8 Qxe8
21. h4 h5 22. a3 Qd7 23. Ng5 Nd4 24. Bh3 Qd5 0-1

[Event "Bayern-chTT (LL Nord)"]
[Site "Bayern 2008/09"]
[Date "2008.10.05"]
[Round "1.3"]
[White "Muehling, Werner"]
[Black "Vedral, Oldrich"]
[Result "0-1"]
[WhiteElo "2131"]
[BlackElo "2239"]
[PlyCount "96"]
[EventDate "2009.03.??"]
[EventType "team-tourn"]
[EventRounds "9"]
[WhiteTeam "Schwandorf 1"]
[BlackTeam "Kulmbach 1"]

1. d4 d5 2. Nf3 Nf6 3. e3 Bf5 4. c4 c6 5. Nc3 e6 6. Qb3 Qb6 7. c5 Qc7 8. Bd2
Nbd7 9. Nh4 Bg6 10. f4 Be7 11. Be2 Be4 12. O-O h6 13. Nf3 Bh7 14. Ne5 O-O 15.
Qd1 Ne4 16. Rc1 Nxd2 17. Qxd2 Nxe5 18. fxe5 f6 19. Bg4 fxe5 20. Bxe6+ Kh8 21.
Qe2 Bg5 22. Rce1 Rae8 23. Rxf8+ Rxf8 24. Bh3 exd4 25. exd4 Qf4 26. Rd1 Qe3+ 27.
Kh1 Qxe2 28. Nxe2 Rf2 29. Ng3 Rxb2 30. Bc8 Bf6 31. h3 Rb1 32. Rxb1 Bxb1 33. Ne2
Bxa2 34. Bxb7 Bc4 35. Nf4 Bb5 36. Bc8 g5 37. Ne6 a5 38. Nc7 Bxd4 39. Nxb5 cxb5
40. Be6 Bxc5 41. Bxd5 Kg7 42. Kh2 Kf6 43. Kg3 Ke5 44. Bc6 b4 45. Kf3 Kd4 46.
Ke2 Kc3 47. Kd1 Be3 48. Bd7 b3 0-1

[Event "Bayern-chTT (LL Nord)"]
[Site "Bayern 2008/09"]
[Date "2008.10.05"]
[Round "1.4"]
[White "Smid, Miroslav"]
[Black "Votruba, Pavel"]
[Result "1/2-1/2"]
[WhiteElo "2196"]
[BlackElo "2110"]
[PlyCount "32"]
[EventDate "2009.03.??"]
[EventType "team-tourn"]
[EventRounds "9"]
[WhiteTeam "Kulmbach 1"]
[BlackTeam "Schwandorf 1"]

1. d4 c5 2. Nf3 cxd4 3. Nxd4 g6 4. g3 Bg7 5. Bg2 Nc6 6. Nxc6 bxc6 7. c4 Nf6 8.
Nc3 O-O 9. O-O Qc7 10. Qa4 Bb7 11. c5 Nd5 12. Nxd5 cxd5 13. Bf4 e5 14. Bd2 Bc6
15. Qa3 d4 16. Rac1 Qb7 1/2-1/2

[Event "Bayern-chTT (LL Nord)"]
[Site "Bayern 2008/09"]
[Date "2008.10.05"]
[Round "1.5"]
[White "Jehl, Guenter"]
[Black "Rehak, Martin"]
[Result "1/2-1/2"]
[WhiteElo "2076"]
[BlackElo "2128"]
[PlyCount "36"]
[EventDate "2009.03.??"]
[EventType "team-tourn"]
[EventRounds "9"]
[WhiteTeam "Schwandorf 1"]
[BlackTeam "Kulmbach 1"]

1. d4 Nf6 2. e3 b6 3. Bd3 Bb7 4. Nf3 e6 5. O-O Be7 6. Nbd2 d5 7. Ne5 Ba6 8. c4
O-O 9. b3 c5 10. Bb2 Nfd7 11. f4 f5 12. Ndf3 Bb7 13. Rc1 Nxe5 14. Nxe5 Nd7 15.
Nf3 Rc8 16. Rc2 Nf6 17. Ne5 Nd7 18. Nf3 Nf6 1/2-1/2

[Event "Bayern-chTT (LL Nord)"]
[Site "Bayern 2008/09"]
[Date "2008.10.05"]
[Round "1.6"]
[White "Labin, Sascha"]
[Black "Dirmeier, Matthias"]
[Result "1/2-1/2"]
[WhiteElo "1930"]
[BlackElo "1947"]
[PlyCount "23"]
[EventDate "2009.03.??"]
[EventType "team-tourn"]
[EventRounds "9"]
[WhiteTeam "Kulmbach 1"]
[BlackTeam "Schwandorf 1"]

1. f4 Nf6 2. Nf3 d5 3. g3 c5 4. Bg2 Nc6 5. d3 Bg4 6. Nbd2 e6 7. O-O Be7 8. c3
O-O 9. h3 Bxf3 10. Bxf3 e5 11. e4 dxe4 12. dxe4 1/2-1/2

[Event "Bayern-chTT (LL Nord)"]
[Site "Bayern 2008/09"]
[Date "2008.10.05"]
[Round "1.7"]
[White "Stoeckl, Stephan"]
[Black "Goetschel, Sebastian"]
[Result "1-0"]
[WhiteElo "1976"]
[BlackElo "1929"]
[PlyCount "69"]
[EventDate "2009.03.??"]
[EventType "team-tourn"]
[EventRounds "9"]
[WhiteTeam "Schwandorf 1"]
[BlackTeam "Kulmbach 1"]

1. Nf3 f5 2. e4 fxe4 3. Ng5 d5 4. d3 Qd6 5. Nc3 h6 6. Nb5 Qc6 7. Qh5+ g6 8.
Nxc7+ Kd7 9. Qg4+ Kxc7 10. Qg3+ Kd8 11. Nf7+ Ke8 12. Nxh8 Bf5 13. dxe4 dxe4 14.
Qb3 Be6 15. Bb5 Bxb3 16. Bxc6+ Nxc6 17. axb3 g5 18. h4 Bg7 19. Ng6 Kf7 20. h5
Nb4 21. Ra4 Nxc2+ 22. Kd1 Nd4 23. Be3 Rd8 24. Bxd4 Bxd4 25. Kc2 Nf6 26. f4 exf3
27. gxf3 Rc8+ 28. Rc4 Rxc4+ 29. bxc4 e5 30. b4 Nxh5 31. Nh8+ Kg7 32. Rxh5 Kxh8
33. Rxh6+ Kg7 34. Rd6 Kf8 35. Rd7 1-0

[Event "Bayern-chTT (LL Nord)"]
[Site "Bayern 2008/09"]
[Date "2008.10.05"]
[Round "1.8"]
[White "Fredrich, Viktor"]
[Black "Lautner, Juergen"]
[Result "1/2-1/2"]
[WhiteElo "1979"]
[BlackElo "1942"]
[PlyCount "182"]
[EventDate "2009.03.??"]
[EventType "team-tourn"]
[EventRounds "9"]
[WhiteTeam "Kulmbach 1"]
[BlackTeam "Schwandorf 1"]

1. d4 d6 2. c4 e5 3. d5 f5 4. Nc3 Nf6 5. g3 g6 6. Bg2 Bg7 7. e4 O-O 8. Nge2 Na6
9. f3 f4 10. gxf4 Nh5 11. f5 Qh4+ 12. Kf1 gxf5 13. Qe1 Qxe1+ 14. Kxe1 f4 15.
Ng1 Bf6 16. Ke2 Kf7 17. Bd2 Rg8 18. Bf1 Bd7 19. Be1 Rg6 20. Bf2 Rag8 21. Rc1 b6
22. Nb5 h6 23. Nh3 Ng3+ 24. hxg3 fxg3 25. Bxg3 Rxg3 26. Nf2 Bg5 27. Rc3 Bf4 28.
Ra3 Bc8 29. Nxc7 Nb4 30. Rxa7 Kf6 31. Ne6 Bxe6 32. dxe6 Nc2 33. Ng4+ Kxe6 34.
Nxh6 Nd4+ 35. Kd1 Rh8 36. Bh3+ Rxh3 37. Rxh3 Rxh6 38. Rxh6+ Bxh6 39. Rb7 Nxf3
40. Ke2 Nd2 41. Kd3 Nf1 42. Rxb6 Be3 43. Rb7 Bd4 44. a4 Ne3 45. a5 Nd1 46. Kc2
Nf2 47. a6 Nxe4 48. a7 Bxa7 49. Rxa7 Nc5 50. b4 Nd7 51. Rb7 e4 52. Kc3 Ne5 53.
Rh7 e3 54. Rh3 Ng4 55. Rh4 Nf2 56. b5 Kd7 57. Rh7+ Kd8 58. b6 Kc8 59. b7+ Kb8
60. Re7 Ng4 61. Rd7 Ne5 62. Rxd6 e2 63. Rd8+ Kxb7 64. Kd2 Nxc4+ 65. Kxe2 Kc7
66. Rd4 Nd6 67. Kd3 Kc6 68. Rf4 Kd5 69. Rh4 Ke5 70. Rh5+ Nf5 71. Rh1 Nd6 72.
Re1+ Kd5 73. Re7 Nf5 74. Re4 Nd6 75. Rh4 Nf5 76. Ra4 Ke5 77. Ra5+ Kf4 78. Rb5
Nd6 79. Rb4+ Ke5 80. Ra4 Nf5 81. Ra5+ Ke6 82. Ke4 Nd6+ 83. Kf4 Nc4 84. Rc5 Nd6
85. Rh5 Nc4 86. Rf5 Nd6 87. Rc5 Nf7 88. Rc1 Nd6 89. Re1+ Kf6 90. Ra1 Ke6 91.
Ra6 Kd5 1/2-1/2

[Event "Bayern-chTT (LL Nord)"]
[Site "Bayern 2008/09"]
[Date "2008.10.05"]
[Round "1.1"]
[White "Golda, Harald"]
[Black "Hitzler, Philipp"]
[Result "1/2-1/2"]
[WhiteElo "2298"]
[BlackElo "2220"]
[PlyCount "160"]
[EventDate "2009.03.??"]
[EventType "team-tourn"]
[EventRounds "9"]
[WhiteTeam "Schweinfurt 1"]
[BlackTeam "Neutraubling 1"]

1. d4 d5 2. Nf3 Nf6 3. c4 c6 4. e3 a6 5. Nc3 b5 6. b3 Bg4 7. h3 Bxf3 8. Qxf3 e6
9. Bd2 Bb4 10. Bd3 dxc4 11. bxc4 bxc4 12. Bxc4 Nd5 13. Rc1 Qa5 14. e4 Nxc3 15.
Bxc3 Bxc3+ 16. Rxc3 O-O 17. O-O Ra7 18. Rb1 Nd7 19. Ra3 Qd2 20. Rd1 Qb2 21. Rb3
Qc2 22. Rc3 Qa4 23. Bb3 Qb5 24. Rdc1 Rc7 25. Rc4 Qb6 26. Ba4 Rfc8 27. Qb3 c5
28. Bxd7 Qxb3 29. axb3 Rxd7 30. dxc5 Rb7 31. b4 Kf8 32. Ra1 Rc6 33. Rd1 e5 34.
Kf1 Ke7 35. Ke2 a5 36. bxa5 Rb5 37. Rd6 Rxd6 38. cxd6+ Kxd6 39. Ra4 Kc7 40. a6
Kb8 41. a7+ Ka8 42. Kf3 Rb2 43. Ra3 f6 44. Kg3 Rb4 45. f3 Rb2 46. Ra4 h5 47. h4
Rb7 48. Ra3 Rxa7 49. Rd3 Kb8 50. Rd8+ Kc7 51. Rh8 Kd6 52. Rxh5 Ke6 53. Rh8 Ra2
54. h5 Kf7 55. Rb8 Ra1 56. Kg4 Rh1 57. g3 Rh2 58. Rh8 Rh1 59. Ra8 Rh2 60. f4
exf4 61. gxf4 Rh1 62. Ra7+ Kg8 63. Ra3 Kf7 64. Rh3 Rb1 65. h6 gxh6 66. Rxh6 Rb5
67. Rh5 Rb1 68. Ra5 Kg6 69. f5+ Kf7 70. Ra7+ Kf8 71. Kf4 Rf1+ 72. Ke3 Rd1 73.
Ra5 Ke7 74. Ra3 Rh1 75. Ra7+ Ke8 76. Kd4 Rd1+ 77. Kc5 Re1 78. Ra4 Ke7 79. Rc4
Ke8 80. Rd4 Rc1+ 1/2-1/2